[Event "1.CLZ 24/25,TJ Pankrac-DP Praha"]
[Site "Praha"]
[Date "2025.02.02"]
[Round "7.3"]
[White "Matras, Ondrej"]
[Black "Hrabusa, Matej"]
[WhiteElo "2104"]
[BlackElo "2361"]
[Result "0-1"]
[PlyCount "120"]

1. d4 Nf6 2. c4 e6 3. Nc3 Bb4 4. Qc2 O-O 5. Bg5 c5 6. dxc5 Na6 7. a3 Bxc3+ 8.
Qxc3 Nxc5 9. Bxf6 Qxf6 10. Qxf6 gxf6 11. b4 Na4 12. c5 b6 13. cxb6 axb6 14. e3
Bb7 15. Nf3 Rfc8 16. Nd4 Kf8 17. Kd2 Nc3 18. f3 Rxa3 19. Bd3 Ra2+ 20. Rxa2 Nxa2
21. Nc2 Nc3 22. Ra1 Nd5 23. Ra7 Bc6 24. e4 Nf4 25. b5 Ra8 26. Rc7 Nxd3 27. bxc6
Ne5 28. cxd7 Rd8 29. Kc3 Rxd7 30. Rc8+ Kg7 31. Nd4 Ra7 32. Rb8 Rc7+ 33. Kb3 Rc1
34. f4 Nd3 35. f5 e5 36. Nb5 Nc5+ 37. Kb2 Re1 38. Nd6 Nxe4 39. Ne8+ Kh6 40.
Rxb6 Re2+ 41. Kc1 Rxg2 42. Rb4 Rg8 43. Rxe4 Rxe8 44. Rh4+ Kg5 45. Rxh7 Kxf5 46.
Kd2 Ra8 47. Ke3 Kg6 48. Rh4 Ra3+ 49. Kf2 f5 50. Rb4 f4 51. Rb7 Ra2+ 52. Kg1 e4
53. Re7 f5 54. h4 f3 55. Re5 Rg2+ 56. Kf1 Kf6 57. Re8 Rh2 58. Kg1 Rxh4 59. Kf2
Rh2+ 60. Ke3 Re2+ 0-1

[Event "1.CLZ 24/25,TJ Pankrac-DP Praha"]
[Site "Praha"]
[Date "2025.02.02"]
[Round "7.4"]
[White "Plischki, Sebastian"]
[Black "Sindler, Michal"]
[WhiteElo "2314"]
[BlackElo "2130"]
[Result "1/2-1/2"]
[PlyCount "110"]

1. d4 Nf6 2. c4 g6 3. Nc3 Bg7 4. e4 d6 5. Nf3 O-O 6. Be2 e5 7. O-O Na6 8. Re1
Bg4 9. Be3 Bxf3 10. Bxf3 exd4 11. Bxd4 Nb4 12. g3 Nc6 13. Be3 Nd7 14. Rc1 Nc5
15. Rc2 Re8 16. Bg2 Ne6 17. Rd2 Bxc3 18. bxc3 Qf6 19. Bd4 Ncxd4 20. cxd4 Rad8
21. e5 dxe5 22. dxe5 Rxd2 23. Qxd2 Qd8 24. Qxd8 Nxd8 25. Rd1 b6 26. Rd7 Ne6 27.
Bd5 Kf8 28. Bxe6 Rxe6 29. Rxc7 Rxe5 30. Rxa7 Re4 31. Rc7 Re2 32. Rc6 Rb2 33. g4
Ke7 34. Kg2 Kd7 35. Rf6 Ke7 36. g5 h6 37. h4 hxg5 38. hxg5 Rxa2 39. Rxb6 Ra4
40. Rb7+ Ke6 41. Rc7 Kf5 42. Rxf7+ Kxg5 43. Rc7 Kf4 44. Rc8 Ra2 45. c5 Rc2 46.
c6 Ke5 47. Kg3 Kd6 48. Rg8 g5 49. f3 Rc1 50. Rxg5 Kxc6 51. Re5 Kd6 52. f4 Rg1+
53. Kf3 Rg6 54. Re2 Re6 55. Rxe6+ Kxe6 1/2-1/2

[Event "1.CLZ 24/25,TJ Pankrac-DP Praha"]
[Site "Praha"]
[Date "2025.02.02"]
[Round "7.5"]
[White "Postupa, Pavel"]
[Black "Pachmann, Ales"]
[WhiteElo "2131"]
[BlackElo "2268"]
[Result "1/2-1/2"]
[PlyCount "35"]

1. e4 c5 2. Nf3 Nc6 3. Bb5 Nf6 4. Bxc6 bxc6 5. d3 g6 6. b3 Bg7 7. Bb2 O-O 8.
O-O d5 9. e5 Nh5 10. Nbd2 Bh6 11. Re1 Nf4 12. Nf1 Ne6 13. Ng3 Qb6 14. Bc1 Bg7
15. Be3 a5 16. Qd2 a4 17. Bh6 Qb4 18. h3 1/2-1/2

[Event "1.CLZ 24/25,TJ Pankrac-DP Praha"]
[Site "Praha"]
[Date "2025.02.02"]
[Round "7.6"]
[White "Pribyl, Josef"]
[Black "Soucek, Jan"]
[WhiteElo "2184"]
[BlackElo "2251"]
[Result "1/2-1/2"]
[PlyCount "76"]

1. d4 Nf6 2. Nf3 e6 3. c4 Bb4+ 4. Bd2 Qe7 5. a3 Bxd2+ 6. Nbxd2 d6 7. e4 e5 8.
d5 O-O 9. g3 a5 10. b3 c6 11. Bg2 cxd5 12. cxd5 Na6 13. O-O b5 14. b4 Bd7 15.
Qb3 Rfc8 16. Rfc1 Qd8 17. Ne1 Qb6 18. Qb2 g6 19. Nd3 Ne8 20. Rxc8 Rxc8 21. Rc1
Rxc1+ 22. Nxc1 Qc7 23. Ne2 Kf8 24. Bf1 a4 25. Qc3 Qb6 26. Qd3 Kg8 27. Nc3 Nac7
28. Kg2 Kg7 29. Be2 Kg8 30. Nf1 Kg7 31. Qe3 Qxe3 32. Nxe3 Kf8 33. h4 Kg7 34. f4
f6 35. f5 g5 36. Bh5 gxh4 37. gxh4 Kg8 38. Ng4 Kg7 1/2-1/2

[Event "1.CLZ 24/25,TJ Pankrac-DP Praha"]
[Site "Praha"]
[Date "2025.02.02"]
[Round "7.7"]
[White "Plesek, Jiri"]
[Black "Adamek, Zdenek"]
[WhiteElo "2006"]
[BlackElo "2077"]
[Result "1/2-1/2"]
[PlyCount "82"]

1. d4 Nf6 2. Nf3 g6 3. g3 Bg7 4. Bg2 O-O 5. O-O d6 6. b3 e5 7. dxe5 Nfd7 8. Bb2
dxe5 9. Qc1 Nc6 10. Rd1 Re8 11. e4 a5 12. Nc3 Nb4 13. a3 Na6 14. Nb5 Qe7 15.
Qe3 Ndc5 16. h3 Bd7 17. a4 Rad8 18. Kh2 Bc8 19. Na3 b6 20. Nc4 f6 21. Qe2 Nb4
22. Ba3 Qf7 23. Bxb4 axb4 24. Qe1 Bf8 25. Bf1 Kg7 26. a5 b5 27. Rxd8 Rxd8 28.
Ncd2 c6 29. Qe3 Bb7 30. Be2 Ne6 31. Bd3 Bc5 32. Qe2 Ra8 33. Nh4 Nd4 34. Qf1 Qc7
35. f4 Rxa5 36. fxe5 fxe5 37. Rxa5 Qxa5 38. Ndf3 Qc7 39. Nxd4 Bxd4 40. Nf3 Bc5
41. Qa1 Bd6 1/2-1/2

[Event "1.CLZ 24/25,TJ Pankrac-DP Praha"]
[Site "Praha"]
[Date "2025.02.02"]
[Round "7.8"]
[White "Hrbek, Tomas"]
[Black "Vasek, Jan"]
[WhiteElo "1995"]
[BlackElo "2131"]
[Result "0-1"]
[PlyCount "58"]

1. d4 d6 2. Nf3 Nf6 3. e3 Nbd7 4. b3 g6 5. Bb2 Bg7 6. Nbd2 O-O 7. Be2 c5 8. O-O
b6 9. a4 a6 10. Nc4 Bb7 11. Rb1 Qc7 12. dxc5 Nxc5 13. Qd2 Ncd7 14. Rfc1 Rac8
15. Bd4 d5 16. Na3 Ne4 17. Qe1 e5 18. Bb2 Nc3 19. Ra1 Nxe2+ 20. Qxe2 Nc5 21.
Rd1 Rfd8 22. Rab1 f6 23. c4 Nxb3 24. cxd5 Bxd5 25. Qxa6 Be4 26. Rxd8+ Qxd8 27.
Re1 Bd3 28. Nb5 Nc5 29. Qa7 Bxb5 0-1

[Event "1.CLZ 24/25,Zikuda Turnov B-Lysa nad Labem B"]
[Site "Turnov"]
[Date "2025.02.02"]
[Round "7.1"]
[White "Finek, Vaclav"]
[Black "Kraus, Tomas"]
[WhiteElo "2478"]
[BlackElo "2451"]
[Result "1-0"]
[PlyCount "85"]

1. d4 d5 2. c4 e6 3. Nf3 Nf6 4. g3 c5 5. cxd5 exd5 6. Bg2 Nc6 7. O-O Be7 8. Nc3
O-O 9. Bg5 c4 10. Ne5 Be6 11. b3 h6 12. Nxc6 bxc6 13. Bf4 cxb3 14. axb3 Qd7 15.
Na4 Rfe8 16. Qd3 Bf5 17. Qa6 Ne4 18. Rac1 Rac8 19. Rfd1 Bb4 20. Bf3 Re6 21. Nc5
Bxc5 22. dxc5 Ng5 23. Bxg5 hxg5 24. Rd4 Rb8 25. b4 Qc7 26. Ra1 Re7 27. e3 g6
28. Qa3 Kg7 29. Qc3 f6 30. Ra6 Bc8 31. Ra5 Bf5 32. Qa3 Qb7 33. b5 cxb5 34. Bxd5
Qc7 35. Qb4 Be6 36. Rxb5 Rxb5 37. Qxb5 Bxd5 38. Rxd5 Kh6 39. Rd6 Re5 40. Rxf6
Rxc5 41. Qe8 Rc1+ 42. Kg2 Qb7+ 43. e4 1-0

[Event "1.CLZ 24/25,Zikuda Turnov B-Lysa nad Labem B"]
[Site "Turnov"]
[Date "2025.02.02"]
[Round "7.2"]
[White "Pulpan, Jakub"]
[Black "Cech, Pavel"]
[WhiteElo "2404"]
[BlackElo "2312"]
[Result "1-0"]
[PlyCount "55"]

1. e4 e6 2. d4 d5 3. Nd2 Nf6 4. e5 Nfd7 5. Bd3 c5 6. c3 Nc6 7. Ne2 cxd4 8. cxd4
f6 9. exf6 Nxf6 10. O-O Bd6 11. Nf3 Qc7 12. Bd2 O-O 13. Rc1 Bd7 14. Bc3 Rac8
15. Ng3 Bf4 16. Rc2 Ng4 17. Re1 Qb6 18. Rce2 e5 19. dxe5 Ncxe5 20. Nxe5 Bxe5
21. Bxe5 Nxf2 22. Bd4 Nxd1 23. Bxb6 axb6 24. Rd2 Nc3 25. bxc3 Rxc3 26. Be2 Bc6
27. Bf3 Rc5 28. Rb1 1-0

[Event "1.CLZ 24/25,Zikuda Turnov B-Lysa nad Labem B"]
[Site "Turnov"]
[Date "2025.02.02"]
[Round "7.3"]
[White "Sodoma, Jan"]
[Black "Jansa, Vlastimil"]
[WhiteElo "2342"]
[BlackElo "2267"]
[Result "1-0"]
[PlyCount "121"]

1. Nf3 g6 2. e4 Bg7 3. d4 d6 4. Bc4 Nf6 5. Qe2 O-O 6. O-O Bg4 7. h3 Bxf3 8.
Qxf3 Nc6 9. Rd1 e5 10. c3 Qe7 11. d5 Nb8 12. Nd2 Nbd7 13. Nf1 Nh5 14. g4 Nf4
15. Bxf4 exf4 16. Qxf4 Ne5 17. Be2 f5 18. exf5 gxf5 19. gxf5 Qf6 20. Ng3 Rae8
21. Kh2 Ng6 22. Qg4 Ne5 23. Qh5 Bh6 24. Rd4 Kh8 25. Re4 Rg8 26. Rf1 Re7 27. f4
Nd7 28. Re6 Qg7 29. Qh4 Rxe6 30. fxe6 Nf6 31. Bf3 Qg6 32. Rf2 Bg7 33. Rg2 Qd3
34. Rf2 h6 35. Nh5 Qf5 36. Nxf6 Qxf6 37. Qxf6 Bxf6 38. Bh5 Kg7 39. Bf7 Rh8 40.
Rg2+ Kf8 41. Rg6 Ke7 42. Kg3 c6 43. dxc6 bxc6 44. Kg4 Rb8 45. Rg8 Rxg8+ 46.
Bxg8 d5 47. Kh5 d4 48. cxd4 Bxd4 49. b3 Kf6 50. Kxh6 Be3 51. h4 Bxf4+ 52. Kh7
Bg3 53. h5 Bf4 54. Bf7 c5 55. Kg8 Bh6 56. Kh7 Bf4 57. h6 a5 58. a4 Be3 59. Bh5
Bg5 60. e7 Kxe7 61. Kg7 1-0

[Event "1.CLZ 24/25,Zikuda Turnov B-Lysa nad Labem B"]
[Site "Turnov"]
[Date "2025.02.02"]
[Round "7.4"]
[White "Cerveny, Martin"]
[Black "Sorm, Daniel"]
[WhiteElo "2331"]
[BlackElo "2275"]
[Result "0-1"]
[PlyCount "102"]

1. Nf3 d5 2. e3 e6 3. b3 c5 4. Bb2 Nc6 5. d4 cxd4 6. exd4 Bd6 7. Bd3 Nge7 8.
O-O Nb4 9. Bb5+ Bd7 10. c4 dxc4 11. Bxd7+ Qxd7 12. bxc4 O-O 13. a3 Nbc6 14.
Nbd2 Rac8 15. Rc1 Bf4 16. g3 Bxd2 17. Qxd2 b6 18. Bc3 Rfd8 19. Rfd1 Qb7 20. Qe2
h6 21. Nh4 Qa6 22. d5 exd5 23. Bxg7 Kxg7 24. Qg4+ Kf8 25. cxd5 Ne5 26. Qf4 Rxc1
27. Qxh6+ Ke8 28. Qxc1 Qc4 29. Qh6 Rxd5 30. Rc1 Qe2 31. Qh8+ Kd7 32. Qb8 Rd1+
33. Rxd1+ Qxd1+ 34. Kg2 Qd5+ 35. Kh3 Qe6+ 36. Kg2 Qd5+ 37. Kh3 N5c6 38. Qb7+
Kd6 39. f4 Qe6+ 40. Kg2 Qe2+ 41. Kh3 b5 42. Qa8 Qe6+ 43. Kg2 Qe2+ 44. Kh3 Qe6+
45. Kg2 a5 46. h3 Qe2+ 47. Kg1 b4 48. axb4 axb4 49. f5 Qe3+ 50. Kg2 Qd2+ 51.
Kg1 b3 0-1

[Event "1.CLZ 24/25,Zikuda Turnov B-Lysa nad Labem B"]
[Site "Turnov"]
[Date "2025.02.02"]
[Round "7.5"]
[White "Vitak, Jiri"]
[Black "Mikes, Jan"]
[WhiteElo "2284"]
[BlackElo "2357"]
[Result "0-1"]
[PlyCount "126"]

1. d4 Nf6 2. c4 g6 3. Nc3 Bg7 4. e4 d6 5. f3 O-O 6. Be3 c5 7. Nge2 Nc6 8. d5
Ne5 9. Ng3 h5 10. Be2 h4 11. Nf1 e6 12. Nd2 exd5 13. cxd5 h3 14. g3 a6 15. a4
Bd7 16. O-O b5 17. Qc2 Rb8 18. axb5 axb5 19. Kh1 b4 20. Nd1 Bb5 21. Bxb5 Rxb5
22. b3 Ne8 23. Rb1 Ra5 24. Nf2 Qa8 25. Nxh3 Ra2 26. Qd1 Qa6 27. Nf2 Nc7 28. f4
Nd7 29. Nc4 Nb5 30. Qf3 Na3 31. Rbc1 Nxc4 32. Rxc4 Rb2 33. Bc1 Rb1 34. Qd3 Qa2
35. e5 dxe5 36. Ne4 Rxb3 37. Qc2 Qxc2 38. Rxc2 Rb1 39. fxe5 Bxe5 40. Nd2 Ra1
41. Nb3 Ra7 42. Be3 Ra3 43. Nxc5 Rc8 44. Rcc1 Nb6 45. Bg1 Nxd5 46. Rce1 Bg7 47.
Ne4 Ra6 48. Rb1 Re6 49. Nc5 Re2 50. Nd3 Rc4 51. Rb3 Bd4 52. Nc1 Rec2 53. Bxd4
Rxd4 54. Nd3 Rc3 55. Nc1 Rd2 56. Rxc3 bxc3 57. Nb3 Rb2 58. Nd4 c2 59. Ne2 Rb1
60. Kg1 Nc3 61. Nc1 Nd1 62. Nd3 c1=Q 63. Nxc1 Rxc1 0-1

[Event "1.CLZ 24/25,Zikuda Turnov B-Lysa nad Labem B"]
[Site "Turnov"]
[Date "2025.02.02"]
[Round "7.6"]
[White "Spacek, Petr"]
[Black "Liska, Jiri"]
[WhiteElo "2273"]
[BlackElo "2284"]
[Result "1/2-1/2"]
[PlyCount "41"]

1. Nf3 Nf6 2. c4 g6 3. Nc3 d5 4. cxd5 Nxd5 5. e4 Nxc3 6. dxc3 Qxd1+ 7. Kxd1 Bg7
8. Kc2 O-O 9. Bc4 c6 10. a4 Nd7 11. Re1 Re8 12. h3 h6 13. Be3 Nf6 14. Ne5 e6
15. Ng4 Nxe4 16. Nxh6+ Bxh6 17. Bxh6 Nd6 18. Bd3 e5 19. Rad1 f5 20. Bf1 Nf7 21.
Bc4 1/2-1/2

[Event "1.CLZ 24/25,Zikuda Turnov B-Lysa nad Labem B"]
[Site "Turnov"]
[Date "2025.02.02"]
[Round "7.7"]
[White "Zima, Jan"]
[Black "Neckar, Lubomir"]
[WhiteElo "2213"]
[BlackElo "2222"]
[Result "1/2-1/2"]
[PlyCount "82"]

1. e4 c5 2. Nc3 Nc6 3. Bb5 Nd4 4. Nf3 a6 5. Bd3 g6 6. O-O Bg7 7. Nxd4 cxd4 8.
Ne2 d5 9. exd5 Qxd5 10. c3 Bd7 11. c4 Qd6 12. b4 Nf6 13. c5 Qd5 14. Qc2 Bc6 15.
f3 O-O 16. Bb2 e5 17. a4 Qd7 18. Ng3 Bd5 19. Rfe1 Rfe8 20. Ne4 Nxe4 21. fxe4
Be6 22. b5 Rec8 23. Ba3 Bf8 24. Rec1 axb5 25. Bxb5 Qd8 26. Qd3 Rc7 27. Qg3 f6
28. Bb4 b6 29. Qa3 bxc5 30. Bxc5 Rxc5 31. Rxc5 Qd6 32. Rc6 Qxa3 33. Rxa3 Bd7
34. Rb3 Bxc6 35. Bxc6 Ra7 36. Rb8 Kg7 37. Kf2 Bc5 38. Rb5 Bd6 39. Ke2 Kf7 40.
Kd3 f5 41. Bd5+ Ke7 1/2-1/2

[Event "1.CLZ 24/25,Zikuda Turnov B-Lysa nad Labem B"]
[Site "Turnov"]
[Date "2025.02.02"]
[Round "7.8"]
[White "Jurasek, Miroslav"]
[Black "Sykora, Marek"]
[WhiteElo "2258"]
[BlackElo "2216"]
[Result "0-1"]
[PlyCount "74"]

1. e4 d6 2. d4 Nf6 3. Nc3 e5 4. Nf3 Nbd7 5. g3 Be7 6. Bg2 O-O 7. O-O c6 8. a4
a5 9. b3 Qc7 10. Ba3 Re8 11. Nh4 Nf8 12. Qd3 exd4 13. Qxd4 Ne6 14. Qe3 Ng4 15.
Qd2 Nc5 16. h3 Nf6 17. Rae1 b6 18. Re3 Ba6 19. Rfe1 Rad8 20. Nf5 Bf8 21. Bb2
Bc8 22. g4 Nfd7 23. Ne2 Ne6 24. Neg3 f6 25. Nd4 Ne5 26. Nxe6 Bxe6 27. f4 Nd7
28. R3e2 Bf7 29. Kh2 Nc5 30. Qe3 Bg6 31. Qf2 d5 32. f5 Bf7 33. e5 fxe5 34. Bxe5
Bd6 35. Qf4 Rxe5 36. Rxe5 Nd7 37. f6 Bxe5 0-1

[Event "1.CLZ 24/25,Ricany 1925-Spartak Vlasim"]
[Site "Ricany"]
[Date "2025.02.02"]
[Round "7.1"]
[White "Smolik, Jachym"]
[Black "Mladek, Richard"]
[WhiteElo "2325"]
[BlackElo "2383"]
[Result "0-1"]
[PlyCount "97"]

1. c4 e6 2. Nc3 d5 3. e3 c6 4. b3 f5 5. Bb2 Nf6 6. Nf3 Bd6 7. Ne2 O-O 8. Nf4
Qe7 9. cxd5 exd5 10. g3 a5 11. a3 Nbd7 12. h4 Nc5 13. Ng5 Nce4 14. Bh3 Bd7 15.
Qe2 Ra6 16. d3 Nc5 17. Rb1 Rb6 18. Qc2 Bxf4 19. gxf4 Rxb3 20. Rd1 a4 21. Nf3
Nxd3+ 22. Rxd3 Qe4 23. Ke2 Nh5 24. Be5 Re8 25. Bd6 c5 26. Rhd1 Bb5 27. Ng5 Ng3+
28. Ke1 Bxd3 29. Nxe4 Bxc2 30. Nxg3 Bxd1 31. Kxd1 g6 32. Bg2 Rxa3 33. Bxc5 Ra1+
34. Kd2 Re4 35. Ne2 a3 36. Bxe4 dxe4 37. Nc1 Kf7 38. Kc2 a2 39. Bd4 Rb1 40.
Nxa2 Rf1 41. Nc3 Rxf2+ 42. Kd1 Rh2 43. Ke1 Rxh4 44. Kf2 Rh2+ 45. Kg3 Rd2 46.
Nb5 Ke6 47. Nc7+ Kd7 48. Nd5 b5 49. Nf6+ 0-1

[Event "1.CLZ 24/25,Ricany 1925-Spartak Vlasim"]
[Site "Ricany"]
[Date "2025.02.02"]
[Round "7.2"]
[White "Rydl, Jiri"]
[Black "Seidl, Jan"]
[WhiteElo "2396"]
[BlackElo "2268"]
[Result "1/2-1/2"]
[PlyCount "77"]

1. c4 e6 2. g3 d5 3. Bg2 Nf6 4. Nf3 dxc4 5. Na3 Bxa3 6. bxa3 Nbd7 7. Qc2 c5 8.
Qxc4 b6 9. O-O Bb7 10. Bb2 O-O 11. d3 Rc8 12. g4 Bd5 13. Qf4 Re8 14. e4 Bb7 15.
g5 Nh5 16. Qg4 g6 17. Ne5 Nxe5 18. Bxe5 Qxd3 19. Rfe1 Qb5 20. Qf3 c4 21. Qc3
Red8 22. Bf1 Qc5 23. Re3 b5 24. Be2 a5 25. Rb1 Rd7 26. Bxh5 gxh5 27. Bf6 Bc6
28. Qxa5 Qd6 29. Qe1 Qf4 30. f3 h6 31. Rb2 Kh7 32. Rg2 Rg8 33. h4 Rg6 34. Rc3
Rd3 35. Rxd3 cxd3 36. Qc3 Qxh4 37. Qxc6 Qe1+ 38. Kh2 Qh4+ 39. Kg1 1/2-1/2

[Event "1.CLZ 24/25,Ricany 1925-Spartak Vlasim"]
[Site "Ricany"]
[Date "2025.02.02"]
[Round "7.3"]
[White "Prazak, Daniel"]
[Black "Vojta, Jakub"]
[WhiteElo "2319"]
[BlackElo "2271"]
[Result "1-0"]
[PlyCount "77"]

1. e4 c5 2. Nf3 Nf6 3. e5 Nd5 4. Nc3 e6 5. Ne4 f5 6. Nc3 Nxc3 7. dxc3 Be7 8.
Bf4 b6 9. h4 Bb7 10. Rh3 Nc6 11. Rg3 g6 12. h5 Qc7 13. hxg6 hxg6 14. Rxg6 O-O-O
15. Qe2 Rdg8 16. Rxg8+ Rxg8 17. O-O-O Na5 18. c4 Rg4 19. g3 Nxc4 20. Nh2 Rxf4
21. gxf4 b5 22. Qh5 Bd5 23. Bxc4 bxc4 24. Qf7 Bh4 25. Rxd5 exd5 26. Qxd5 Bxf2
27. Qa8+ Qb8 28. Qxb8+ Kxb8 29. Nf1 Kc7 30. Kd2 d5 31. exd6+ Kxd6 32. c3 Kd5
33. Ke2 Bg1 34. Kf3 a5 35. a3 a4 36. Ng3 Ke6 37. Ne2 Bh2 38. Kg2 Bxf4 39. Nxf4+
 1-0

[Event "1.CLZ 24/25,Ricany 1925-Spartak Vlasim"]
[Site "Ricany"]
[Date "2025.02.02"]
[Round "7.4"]
[White "Pychova, Nela"]
[Black "Trickov, Vasil"]
[WhiteElo "2084"]
[BlackElo "2301"]
[Result "1/2-1/2"]
[PlyCount "41"]

1. c4 c6 2. Nf3 Nf6 3. e3 d5 4. b3 Bf5 5. Be2 e6 6. O-O Nbd7 7. Bb2 h6 8. d3
Be7 9. Nc3 O-O 10. Rc1 Re8 11. Nd4 Bh7 12. Nc2 e5 13. cxd5 cxd5 14. e4 a5 15.
a3 dxe4 16. Nxe4 Nxe4 17. dxe4 Nc5 18. Bc4 Bg5 19. Ne3 Qxd1 20. Rfxd1 Bxe3 21.
fxe3 1/2-1/2

[Event "1.CLZ 24/25,Ricany 1925-Spartak Vlasim"]
[Site "Ricany"]
[Date "2025.02.02"]
[Round "7.5"]
[White "Karas, Marek"]
[Black "Vorisek, Jakub"]
[WhiteElo "2160"]
[BlackElo "2125"]
[Result "1-0"]
[PlyCount "161"]

1. d4 d5 2. Nf3 e6 3. c4 c5 4. cxd5 exd5 5. Nc3 Nc6 6. dxc5 d4 7. Na4 Bxc5 8.
Nxc5 Qa5+ 9. Bd2 Qxc5 10. e3 dxe3 11. Bxe3 Qb4+ 12. Qd2 Qxd2+ 13. Nxd2 Nf6 14.
Bb5 Bd7 15. O-O O-O 16. Nb3 a6 17. Be2 Bg4 18. f3 Rfe8 19. fxg4 Rxe3 20. Bf3
Nb4 21. Na5 Nd3 22. g5 Re5 23. Bxb7 Rae8 24. gxf6 Rxa5 25. b3 Rb8 26. Bf3 gxf6
27. Be2 Nc5 28. Rxf6 Nxb3 29. Rb1 Rxa2 30. Bc4 Ra1 31. Rff1 Ra3 32. Rxf7 Kh8
33. Bd3 Rd8 34. Rxh7+ Kg8 35. Rh3 Nd2 36. Bh7+ Kh8 37. Rxa3 Nxb1 38. Bxb1 Rd1+
39. Kf2 Rxb1 40. Rxa6 Kg7 41. h4 Rb2+ 42. Kg3 Rb3+ 43. Kg4 Rb4+ 44. Kh3 Rb1 45.
h5 Kh7 46. g4 Rb3+ 47. Kh4 Rb1 48. Ra7+ Kg8 49. h6 Rh1+ 50. Kg5 Rb1 51. Kh5
Rb5+ 52. g5 Rc5 53. Rd7 Rb5 54. Kg6 Rb6+ 55. Kf5 Rb5+ 56. Kf6 Rb6+ 57. Ke5 Rb1
58. Ke6 Rb2 59. Kf5 Rb5+ 60. Kg4 Rb4+ 61. Kh5 Rb5 62. Re7 Rb1 63. Re8+ Kf7 64.
Re4 Rb5 65. Rf4+ Kg8 66. Kg6 Rb8 67. Rf6 Ra8 68. Rd6 Rf8 69. Kh5 Rf5 70. Kg4
Rf1 71. Rd8+ Kh7 72. Rd7+ Kg8 73. g6 Rg1+ 74. Kf5 Rf1+ 75. Ke4 Re1+ 76. Kf3 Re8
77. Kf4 Ra8 78. Ke5 Rb8 79. Ke6 Rb6+ 80. Rd6 Rb8 81. Ke7 1-0

[Event "1.CLZ 24/25,Ricany 1925-Spartak Vlasim"]
[Site "Ricany"]
[Date "2025.02.02"]
[Round "7.6"]
[White "Vojta, Tomas"]
[Black "Stastny, Jan"]
[WhiteElo "2339"]
[BlackElo "2222"]
[Result "1/2-1/2"]
[PlyCount "55"]

1. e4 d6 2. f4 g6 3. Nf3 Bg7 4. Nc3 a6 5. g3 e6 6. Bg2 Ne7 7. O-O O-O 8. d4 Nd7
9. Be3 b6 10. Qe1 Bb7 11. g4 c5 12. Rd1 Qc7 13. Qh4 Rfe8 14. f5 exf5 15. gxf5
f6 16. fxg6 hxg6 17. d5 b5 18. Qg3 Rad8 19. Bh3 Nf8 20. Nh4 g5 21. Nf5 Nxf5 22.
exf5 Re5 23. Bg4 Rde8 24. Bc1 b4 25. Nb1 c4 26. Qf2 Rxd5 27. Bh5 Re7 28. Qd4
 1/2-1/2

[Event "1.CLZ 24/25,Ricany 1925-Spartak Vlasim"]
[Site "Ricany"]
[Date "2025.02.02"]
[Round "7.7"]
[White "Mach, Petr"]
[Black "Krizek, Krystof"]
[WhiteElo "2106"]
[BlackElo "1994"]
[Result "1-0"]
[PlyCount "85"]

1. e4 d6 2. d4 Nf6 3. Nc3 c6 4. Nf3 Qa5 5. Bd2 e5 6. Bc4 Bg4 7. h3 Bxf3 8. Qxf3
exd4 9. Nd5 Qd8 10. Nxf6+ Qxf6 11. Qxf6 gxf6 12. O-O-O c5 13. c3 dxc3 14. Bxc3
Bh6+ 15. Kb1 Ke7 16. Rd5 Bf4 17. Bxf6+ Kxf6 18. Rf5+ Kg6 19. Bxf7+ Kg7 20. Bd5
Be5 21. Rf7+ Kg6 22. f4 Bd4 23. f5+ Kg5 24. Bxb7 Na6 25. Bxa6 Kf4 26. Rf1+ Ke3
27. Re1+ Kd2 28. Re2+ Kd1 29. Rd7 Be5 30. a3 Rab8 31. Rc2 Rb6 32. Be2+ Ke1 33.
Bc4 Rhb8 34. b3 Kd1 35. Rf2 Bd4 36. Rf3 Re8 37. f6 Rxe4 38. f7 Bg7 39. Rd3+ Ke1
40. R7xd6 Rb7 41. Bd5 c4 42. Bxb7 cxd3 43. Bxe4 1-0

[Event "1.CLZ 24/25,Ricany 1925-Spartak Vlasim"]
[Site "Ricany"]
[Date "2025.02.02"]
[Round "7.8"]
[White "Stein, Michael"]
[Black "Bezdek, Tomas"]
[WhiteElo "1999"]
[BlackElo "2216"]
[Result "0-1"]
[PlyCount "84"]

1. e4 e6 2. d4 d5 3. Nc3 Bb4 4. e5 c5 5. Bd2 cxd4 6. Nb5 Be7 7. Nf3 Nc6 8.
Nbxd4 Qc7 9. Bf4 g5 10. Nxc6 bxc6 11. Bg3 Nh6 12. h3 Nf5 13. Bh2 h5 14. g4 hxg4
15. hxg4 Nh4 16. Bg3 Bb7 17. Rh2 O-O-O 18. Qd3 Qa5+ 19. Nd2 c5 20. a3 Kb8 21.
Be2 Ng6 22. O-O-O Rxh2 23. Bxh2 c4 24. Qf3 Nf4 25. Bxf4 gxf4 26. Nb1 Qc7 27.
Qxf4 f6 28. Nc3 fxe5 29. Qg3 d4 30. Nb5 Qc5 31. Bxc4 a6 32. b4 Qxc4 33. Qxe5+
Ka8 34. Nc7+ Ka7 35. Nxe6 d3 36. Rd2 Rc8 37. Qe3+ Ka8 38. Nc5 dxc2 39. Rxc2
Qf1+ 40. Kd2 Rd8+ 41. Nd3 Bg5 42. Rc8+ Bxc8 0-1

[Event "1.CLZ 24/25,Chess club Pisek-Spartak Vlasim"]
[Site "Pisek"]
[Date "2025.02.16"]
[Round "8.1"]
[White "Miesbauer, Jan"]
[Black "Mladek, Richard"]
[WhiteElo "2381"]
[BlackElo "2383"]
[Result "0-1"]
[PlyCount "72"]

1. e4 e5 2. Nf3 Nc6 3. Bc4 Nf6 4. d3 Be7 5. O-O O-O 6. Re1 d6 7. c3 Na5 8. Bb5
a6 9. Ba4 b5 10. Bc2 c5 11. Nbd2 Nc6 12. a4 Be6 13. Nf1 b4 14. Ne3 Rb8 15. d4
b3 16. Bb1 cxd4 17. cxd4 exd4 18. Nxd4 Nxd4 19. Qxd4 Nd7 20. Nd5 Bxd5 21. Qxd5
Nc5 22. Be3 Re8 23. Re2 Bf6 24. Ra3 Rb4 25. f3 Qb8 26. Rd2 Nxa4 27. Rd3 Nxb2
28. Rdxb3 Rc8 29. Ba2 Nc4 30. Bd2 Qb6+ 31. Kf1 Nxd2+ 32. Qxd2 Qb5+ 33. Kf2 Qc5+
34. Kg3 Rd4 35. Qe3 Qh5 36. Kf2 Qh4+ 0-1

[Event "1.CLZ 24/25,Chess club Pisek-Spartak Vlasim"]
[Site "Pisek"]
[Date "2025.02.16"]
[Round "8.2"]
[White "Rydl, Jiri"]
[Black "Stinka, Jakub"]
[WhiteElo "2396"]
[BlackElo "2377"]
[Result "1/2-1/2"]
[PlyCount "65"]

1. Nf3 Nf6 2. b3 d5 3. Bb2 e6 4. e3 c5 5. Bb5+ Bd7 6. a4 Nc6 7. O-O Be7 8. Ne5
Nxe5 9. Bxe5 O-O 10. Nc3 a6 11. Be2 Bc6 12. d4 Nd7 13. Bg3 f5 14. f3 f4 15.
exf4 cxd4 16. Na2 Bd6 17. Nc1 Bxf4 18. Bxf4 Rxf4 19. Nd3 Rf6 20. f4 Qb6 21. b4
Nf8 22. a5 Qc7 23. Ne5 Nd7 24. Qxd4 Nxe5 25. fxe5 Rxf1+ 26. Rxf1 Bb5 27. Bxb5
axb5 28. c3 Rc8 29. Rf3 Qc4 30. Qb6 Qc6 31. Qe3 Qd7 32. h3 Qe7 33. Qb6 1/2-1/2

[Event "1.CLZ 24/25,Chess club Pisek-Spartak Vlasim"]
[Site "Pisek"]
[Date "2025.02.16"]
[Round "8.3"]
[White "Civin, Tomas"]
[Black "Vojta, Jakub"]
[WhiteElo "2368"]
[BlackElo "2271"]
[Result "1/2-1/2"]
[PlyCount "56"]

1. d4 d5 2. c4 e5 3. e3 exd4 4. exd4 Nf6 5. Nc3 Be7 6. Nf3 O-O 7. Be2 dxc4 8.
Bxc4 Nbd7 9. O-O Nb6 10. Bb3 Bg4 11. Re1 Bh5 12. Bf4 c6 13. Qd3 Bg6 14. Qd2 Re8
15. Ne5 Nfd5 16. Nxg6 hxg6 17. Be5 Qd7 18. a3 Bf6 19. Rad1 Rad8 20. h3 Nxc3 21.
Qxc3 Nd5 22. Qf3 Re7 23. Bxd5 Qxd5 24. Qxd5 Rxd5 25. Bxf6 Rxe1+ 26. Rxe1 gxf6
27. Re7 Rb5 28. b4 Kf8 1/2-1/2

[Event "1.CLZ 24/25,Chess club Pisek-Spartak Vlasim"]
[Site "Pisek"]
[Date "2025.02.16"]
[Round "8.4"]
[White "Pychova, Nela"]
[Black "Hak, David"]
[WhiteElo "2084"]
[BlackElo "2310"]
[Result "1/2-1/2"]
[PlyCount "100"]

1. c4 g6 2. Nf3 Bg7 3. g3 c5 4. Bg2 Nc6 5. Nc3 e5 6. O-O d6 7. Ne1 Be6 8. d3
Nge7 9. Nc2 d5 10. cxd5 Nxd5 11. Ne4 b6 12. Ng5 Bc8 13. Ne3 Nde7 14. Qa4 Bd7
15. Qb3 O-O 16. Nd5 Nd4 17. Nxe7+ Qxe7 18. Qd1 Rad8 19. Be3 Bg4 20. Bxd4 exd4
21. Nf3 h5 22. Re1 Rd6 23. Rb1 Re8 24. h3 Bxf3 25. exf3 Re6 26. Re4 f5 27. Rxe6
Qxe6 28. f4 Qxa2 29. Bc6 Re7 30. Bb5 Kh7 31. Bc4 Qa5 32. Qb3 h4 33. Bg8+ Kh6
34. g4 fxg4 35. Qd5 c4 36. Qd8 Qc5 37. hxg4 g5 38. Bxc4 gxf4 39. Bd5 Qc7 40.
Qg8 Qd7 41. Bf3 Re8 42. Qb3 Qe6 43. Qb5 Qe5 44. Qc6+ Re6 45. Qd7 a5 46. Rc1 Qf6
47. Qd5 Qe5 48. Qd8 Qg5 49. Qg8 Qg6 50. Qd8 Bf6 1/2-1/2